Obvody a technika velmi vysokých kmitočtů sbírka příkladů : pro stud. fak. elektrotechn.

Bibliographic Details
Main Author: Zehentner, Ján (Author)
Format: Book
Language:Czech
PhysicalDescription:80 s. 4°
Published: Praha ČVUT 1988
Edition:2. vyd.

MARC

LEADER 00000nam a2200000 a 4500
001 vtls001364916
003 SK-MaSNL
005 20260301160959.0
008 210928s1988 xr 0 cze
035 |a SNK000318567 
040 |a SNK  |b slo  |c SNK  |e AACR2 
041 0 |a cze 
044 |a CZ 
245 1 |a Obvody a technika velmi vysokých kmitočtů  |b sbírka příkladů : pro stud. fak. elektrotechn.  |c Ján Zehentner 
250 |a 2. vyd. 
260 |a Praha  |b ČVUT  |c 1988 
300 |a 80 s.  |c 4° 
700 1 |a Zehentner, Ján  |4 aut  |9 523325 
958 |a RK 
958 |a OND 
999 |c 807664  |d 809594 
952 |t P60, <04>, [BOOK], {604}  |a SNK  |b SNK  |y VYP  |7 0  |o snkIB 60563  |i snkKIP 8303/88  |0 0  |1 0  |4 0  |d 1999-06-03  |l 0  |r 2005-01-02 00:00:00  |w 2026-02-24 
952 |t P60, <04>, [BOOK], {604}  |a SNK  |b SNK  |y VYP  |7 0  |o snkIB 60563 D1  |i snkKIP 8304/88  |0 0  |1 0  |4 0  |d 1999-06-03  |l 0  |r 2005-01-02 00:00:00  |w 2026-02-24